A Synoptic history of classical rhetoric (Record no. 320945)

000 -LEADER
fixed length control field 00399 a2200157 4500
001 - CONTROL NUMBER
control field 85872
003 - CONTROL NUMBER IDENTIFIER
control field NUST
005 - DATE AND TIME OF LATEST TRANSACTION
control field 20180121155642.0
008 - FIXED-LENGTH DATA ELEMENTS--GENERAL INFORMATION
fixed length control field 180121b xxu||||| |||| 00| 0 eng d
020 ## - INTERNATIONAL STANDARD BOOK NUMBER
International Standard Book Number 0961180005
082 ## - DEWEY DECIMAL CLASSIFICATION NUMBER
Classification number 809 MUR
100 ## - MAIN ENTRY--PERSONAL NAME
Personal name James J. Murphy
9 (RLIN) 9355
245 ## - TITLE STATEMENT
Title A Synoptic history of classical rhetoric
Medium English
250 ## - EDITION STATEMENT
Edition statement 1st
260 ## - PUBLICATION, DISTRIBUTION, ETC.
Place of publication, distribution, etc. Davis
Name of publisher, distributor, etc. Hermagoras Press
Date of publication, distribution, etc. 1983
300 ## - PHYSICAL DESCRIPTION
Extent viii, 199 p.
500 ## - GENERAL NOTE
General note Gifted By AM Masood Akhtar
942 ## - ADDED ENTRY ELEMENTS (KOHA)
Institution code [OBSOLETE] caenust
Koha item type Book
Call number prefix 809 MUR
Source of classification or shelving scheme
Holdings
Withdrawn status Lost status Damaged status Not for loan Collection code Permanent Location Current Location Date acquired Total Checkouts Full call number Barcode Date last seen Price effective from Koha item type
          College of Aeronautical Engineering (CAE) College of Aeronautical Engineering (CAE) 04/03/2017   809 MUR CAEG-9827 04/05/2017 04/05/2017 Book
© 2023 Central Library, National University of Sciences and Technology. All Rights Reserved.